00989nam a22002537a 450000100060000000300080000600500170001400800410003103500190007204000260009104100080011708200250012524501050015026000370025530000420029249000650033450000200039965000260041970000290044583000730047494200120054799900170055995201590057675130BD-RjUL20211209082642.0190123s1969 ii ||||| |||| 00| 0 eng d a(BD-RjUL)75348 aBD-RjULbengcBD-RjUL aeng 223a571.32bCHR 196910aRecent advances in the anatomy of tropical seeds plants :b proceedings /cedited by K.A. Chowdhury. aDelhi :bHindustan Pub., c1969. a284 pages :billustrations ;c 25 cm. aInternational monogrpahs on advanced biology and biophysics. aIncludes index. aPlant anatomy9227308 aChowdhury, K.A. 9227311 aInternational monogrpahs on advanced biology and biophysics.9227312 2ddccBK c75130d75130 00102ddc40718NFICaRUCLbRUCLcReadingd1979-03-21eIndia international, Calcuttag60.00l0o571.32 CHR 1969r2019-01-23 00:00:00tC-1w2019-01-23yBK